Rozvrhnutie pracovného času
Rozvrhnutie pracovného času podľa Zákonníka práce. Rovnomerné rozvrhnutie pracovného času. Nerovnomerné rozvrhnutie pracovného času. Zavedenie pružného pracovného času. Povinnosti organizácie oboznámiť pracovníka s uplatňovaním pracovného času.
Na minha lista:
| Autor principal: | |
|---|---|
| Formato: | Capítulo de Livro |
| Idioma: | eslovaco |
| Assuntos: | |
| Tags: |
Sem tags, seja o primeiro a adicionar uma tag!
|
MARC
| LEADER | 00000naa a2200000 4500 | ||
|---|---|---|---|
| 001 | r019191 | ||
| 005 | 20221213100202.6 | ||
| 041 | 0 | |a slo | |
| 044 | |a SK | ||
| 245 | 1 | 0 | |a Rozvrhnutie pracovného času |c Z. Balážová |
| 520 | |a Rozvrhnutie pracovného času podľa Zákonníka práce. Rovnomerné rozvrhnutie pracovného času. Nerovnomerné rozvrhnutie pracovného času. Zavedenie pružného pracovného času. Povinnosti organizácie oboznámiť pracovníka s uplatňovaním pracovného času. | ||
| 610 | 2 | 0 | |a práca |
| 610 | 2 | 0 | |a zákony |
| 610 | 2 | 0 | |a zákonník práce |
| 610 | 2 | 0 | |a čas pracovný |
| 610 | 2 | 0 | |a organizácia |
| 610 | 2 | 0 | |a zamestnanci |
| 610 | 2 | 0 | |a právo pracovné |
| 610 | 2 | 0 | |a čas pracovný pohyblivý |
| 610 | 2 | 0 | |a režim pracovný |
| 100 | 1 | |a Balážová, Z. | |